000 00745nam a2200253Ia 4500
003 OSt
005 20221005073053.0
006 a|||||r|||| 00| 0
007 ta
008 221004b |||||||| |||| 00| 0 urd d
020 _a8181720261 (hbk)
_c300
024 _a967
037 _b5549, 21/03/2009, Modern Publishing House
_cTextual
040 _aCRL
_cCRL
_burd
041 _2urd
_aurd
082 _aY:1v, 168P8
100 _aHaider Raza
_9183465
245 0 _aHamari adbi aur tehzibi varsa
260 _aNew Delhi
_bGhalib Institute India
_c2008
300 _a190p.
_ccm.
650 _aSOCIOLOGY
942 _hY:1v, 168P8
_cTEXL
_2cc
999 _c980480
_d980480